00882nam a2200241 a 450000100100000000500170001000800410002702000150006804000250008308200180010810000300012624500620015626000730021830000350029149000200032650000590034665000290040565000310043483000270046504900090049295201220050199900170062300002332320200930022135.0101202s1990 sp a r 000 0 spa d a8478200673 aDO-SdBNPbspacBNPHU a861.64bG922a1 aGúdel, Guillermo94803310aAsiduo ofrecimiento hasta el olvido /cGuillermo Gúdel. aZaragoza, España :binstitución Fernándo el Católico,c1990. a67 p. :bil., retrs. ;c25 cm.1 aSan Jorge ;v59 aIncluye referencia biográfica del autor en la solapa 4aPoesía española9631 4aLiteratura española9632 0aSan Jorge ;n59948034 aBNGR 001054708MOaGRbGRcCTd2010-12-02iLF1l0o861.64 G922ap23323-10r2020-06-25w2020-06-25y4ZPréstamo en sala c22820d22820